Movies Quiz

Random Movies Quiz

Two Word Clues: Movies Quiz Stats

 Plays Quiz not verified by Sporcle

Score 0/26 Timer 05:00
0 Plays Today
Words Movie % Correct
Bigger boatJaws
86.7%
autistic blackjackRain Man
77.3%
Nakatomi PlazaDie Hard
55.5%
Bad ****Pulp Fiction
54.4%
war roomDr. Strangelove
51.3%
pissed rugThe Big Lebowski
45.1%
flesh woundMonty Python
41.9%
Melting facesIndiana Jones
35.4%
**** eatingSalo
34.1%
the horrorApocalypse Now
33.6%
murdering neighbour(maybe)Rear Window
33.3%
failed teleportationThe fly
25.8%
close-upSunset Boulevard
24.5%
Words Movie % Correct
attempted seductionThe graduate
24%
last wordCitizen Kane
22.9%
guardian angelIt's a Wonderful Life
21.1%
ugly ****Predator
17.4%
five pointsGangs of New York
15.9%
deadly stuntmanDeathproof
12%
black SchindlerHotel Rwanda
11.7%
forget itChinatown
7.6%
loooooooong rapeIrreversible
7.3%
five,(or)sixDirty Harry
4.7%
madness, madnessThe Bridge On River Kwai
3.4%
smelly ****The Silence of the Lambs
2.3%
Trapped aristocracyEl angel exterminador
0%

You're not logged in!

Compare scores with friends on all Sporcle quizzes.
OR
Log In

Show Comments

Extras

Created Oct 11, 2010ReportNominate
Tags:two

Top Quizzes Today


Score Distribution

Your Account Isn't Verified!

In order to create a playlist on Sporcle, you need to verify the email address you used during registration. Go to your Sporcle Settings to finish the process.

Report this User

Report this user for behavior that violates our Community Guidelines.

Details: